| 000 | 01734cam a2200373 4500 | ||
|---|---|---|---|
| 001 | ABS65689 | ||
| 008 | 020805n2002 000 0 eng u | ||
| 035 | _a(Sirsi) u119202 | ||
| 100 | _aPickard, R. | ||
| 245 | _aArea-based protection mechanisms for heritage conservation: a European comparison | ||
| 260 | _c2002 | ||
| 490 |
_aJournal of Architectural Conservation _v8 (2) July 2002, 69-88 (20) |
||
| 520 | _aExamines the progress of the Czech Republic, Denmark, France,Germany, Spain and the United Kingdom towards establishing area-based protection mechanisms and integrated conservation policies promulgated in relation to the Convention for the Protection of the Architectural Heritage of Europe (Granada convention). Considers the historical background and current area protection policies. Key issues arising from this discussion are special plans; achievement of economic and social goals through conservation regulation and management; measures in support of rehabilitation. [Taken from journal abstract]. | ||
| 590 | _aABS | ||
| 650 | _aARCHITECTURAL HERITAGE | ||
| 650 | _aMONUMENTS | ||
| 650 | _aICOMOS | ||
| 650 | _aVENICE CHARTER | ||
| 650 | _aAMSTERDAM DECLARATION | ||
| 650 | _aGRANADA CONVENTION | ||
| 650 | _aAREA-BASED PROTECTION MECHANISMS | ||
| 650 | _aINTEGRATED CONSERVATION | ||
| 650 | _aCZECH REPUBLIC | ||
| 650 | _aGERMANY | ||
| 650 | _aDENMARK | ||
| 650 | _aSPAIN | ||
| 650 | _aFRANCE | ||
| 650 | _aEUROPE | ||
| 650 | _aUNESCO WORLD HERITAGE SITES | ||
| 650 | _aCONVENTION FOR THE PROTECTION OF THE ARCHITECTURAL HERITAGE OF EUROPE | ||
| 650 | _aUNITED KINGDOM | ||
| 690 | _aBUILT ENVIRONMENT-BUILDING MAINTENANCE AND REFURBISHMENT-BUILDING CONSERVATION | ||
| 942 | _n0 | ||
| 999 |
_c70901 _d70901 |
||